[Event "Zudov Memorial"]
[Site "Nizhnij Tagil RUS"]
[Date "2006.06.22"]
[Round "3"]
[White "Geller,J"]
[Black "Maletin,P"]
[Result "1/2-1/2"]
[WhiteElo "2495"]
[BlackElo "2541"]

1.e4 c5 2.Nf3 Nc6 3.Nc3 e6 4.d4 cxd4 5.Nxd4 Qc7 6.Be2 a6 7.O-O Nf6 8.Be3 Be7
9.f4 d6 10.Kh1 O-O 11.Qe1 Nxd4 12.Bxd4 b5 13.a3 Bb7 14.Qg3 Rad8 15.Rae1 Rd7
16.Bd3 Re8 17.Nd1 Qd8 18.Nf2 Bf8 19.Bxf6 Qxf6 20.e5 Qd8 21.Ng4 Kh8 22.f5 exf5
23.Bxf5 Rde7 24.Rd1 d5 25.Rd4 Qb6 26.c3 g6 27.Nf6 Bg7 28.Qh4 Bxf6 29.exf6 Re5
30.Bd3 Rh5 31.Qg3 Qe6 32.Rh4 Rg8 33.h3 d4 34.cxd4 Qb3 35.Rff4 Qxb2 36.Be4 Bxe4
37.Rxe4 Rf5 38.Qe3 g5 39.Re8 Rxf6 40.Qxg5 Qb1+ 41.Kh2 Qg6 42.Rxg8+ Kxg8 43.Qe5 Rf5
44.Qb8+ Kg7 45.Rg4 Rg5 46.Rxg5 Qxg5 47.Qd6  1/2-1/2

[Event "20th Open"]
[Site "Pula CRO"]
[Date "2006.06.24"]
[Round "8"]
[White "Mazi,L"]
[Black "Kovacevic,A"]
[Result "0-1"]
[WhiteElo "2351"]
[BlackElo "2536"]

1.e4 c5 2.Nf3 Nc6 3.d4 cxd4 4.Nxd4 e6 5.Nc3 d6 6.Be3 Nf6 7.Qd2 Be7 8.f3 O-O
9.O-O-O d5 10.exd5 Nxd5 11.Nxd5 Qxd5 12.Nb3 Nb4 13.a3 Qxd2+ 14.Bxd2 Nd5 15.c4 Nf6
16.Bc3 b6 17.Nd4 Bd7 18.Bd3 Rfd8 19.Rhe1 Kf8 20.Kb1 Rac8 21.Ka2 Be8 22.Be2 Bd6
23.g3 h5 24.Rd3 h4 25.Red1 Ke7 26.Be1 hxg3 27.hxg3 Bc5 28.b4 Bd6 29.Kb3 Bb8
30.f4 Bd7 31.Bf3 Ne8 32.b5 e5 33.Bb4+ Kf6 34.Nc6 Bxc6 35.Rxd8 Bxf3 36.Rxc8 Bxd1+
37.Kb2 Bc7 38.Rxe8 exf4 39.Bc3+ Kg6 40.Rc8 f3 41.Be1 Be5+ 42.Kc1 Be2 43.Bf2 Kf5
44.a4 Kg4 45.a5 Bxg3 46.axb6 Bxf2 47.b7 Be3+ 48.Kc2 Bf4 49.Rf8 f2  0-1

[Event "Open A"]
[Site "Balatonlelle HUN"]
[Date "2006.06.25"]
[Round "9"]
[White "Grandelius,N"]
[Black "Kragelj,I"]
[Result "1-0"]
[WhiteElo "2113"]
[BlackElo "2260"]

1.e4 c5 2.Nf3 e6 3.d4 cxd4 4.Nxd4 Nc6 5.Nc3 Qc7 6.Be3 a6 7.Bd3 Nf6 8.O-O b5
9.Nxc6 Qxc6 10.Kh1 b4 11.Ne2 Nxe4 12.Nd4 Qd5 13.c4 bxc3 14.bxc3 Bb7 15.f3 Nc5
16.Rb1 Bd6 17.Bc2 Be7 18.Qe2 O-O 19.Rb6 Qe5 20.Rfb1 Bd5 21.Qd2 Qc7 22.Bf4 Qa7
23.Nf5 Bf6 24.Bd6 Rfc8 25.Ne7+ Bxe7 26.Bxe7 Qc7 27.R1b4 Nb7 28.c4 Bc6 29.c5 Bd5
30.Qg5 h6 31.Qd2 Nxc5 32.Bd6 Qd8 33.Qe3 Nb7 34.Rxb7 Bxb7 35.Qd3 Rxc2 36.Qxc2 Qc8
37.Qb2 Bc6 38.Rg4 g6 39.Qf6 Qd8 40.Rxg6+ fxg6 41.Qxg6+ Kh8 42.Be5+  1-0

[Event "White Nights Open"]
[Site "St Petersburg RUS"]
[Date "2006.06.25"]
[Round "3"]
[White "Barinova,V"]
[Black "Kuznetsov,G"]
[Result "0-1"]
[WhiteElo "1957"]
[BlackElo "2154"]

1.e4 c5 2.Nf3 e6 3.d4 cxd4 4.Nxd4 Nc6 5.Nc3 d6 6.Be3 Nf6 7.Bd3 Be7 8.O-O O-O
9.f4 e5 10.Nf5 Bxf5 11.exf5 d5 12.fxe5 d4 13.exf6 Bxf6 14.Ne4 dxe3 15.c3 Re8
16.Qe2 Ne5 17.Rad1 Qe7 18.Qxe3 Nxd3 19.Nxf6+ Qxf6 20.Qxd3 Qb6+ 21.Qd4 Qxb2
22.Rb1 Qxa2 23.Rxb7 Re2 24.Qg4 Rae8 25.f6 g6 26.Qg3 a5 27.Rfb1 Qd2 28.Rb8 h5
29.Rxe8+ Rxe8 30.h3 Kh7 31.Qc7 Qd5 32.Rb7 Kh6 33.Ra7 Re2 34.Qf4+ g5 35.Qf3 Re1+
36.Kh2 Qe5+ 37.g3 Qc5  0-1

[Event "Aerosvit GM"]
[Site "Foros UKR"]
[Date "2006.06.26"]
[Round "9"]
[White "Areshchenko,A"]
[Black "Rublevsky,S"]
[Result "1/2-1/2"]
[WhiteElo "2660"]
[BlackElo "2687"]

1.e4 c5 2.Nf3 e6 3.d4 cxd4 4.Nxd4 Nc6 5.Nc3 a6 6.Be2 d6 7.O-O Nf6 8.Be3 Bd7
9.f4 Be7 10.Qe1 O-O 11.Kh1 b5 12.a3 Qb8 13.Bd3 b4 14.Nd1 a5 15.Qg3 Nxd4 16.Bxd4 e5
17.fxe5 Nh5 18.Qf2 dxe5 19.Bc5 Bxc5 20.Qxc5  1/2-1/2

[Event "II Open"]
[Site "Sort ESP"]
[Date "2006.06.26"]
[Round "1"]
[White "Lujan,C"]
[Black "Ferrer Dalmau,J"]
[Result "1-0"]
[WhiteElo "2378"]
[BlackElo "1886"]

1.e4 c5 2.Nf3 Nc6 3.d4 cxd4 4.Nxd4 e6 5.Nc3 Nf6 6.g3 Bb4 7.Bg2 Qa5 8.Ne2 d5
9.exd5 exd5 10.O-O Bg4 11.h3 Be6 12.a3 Rd8 13.Bd2 Bxc3 14.Bxc3 Qb6 15.Bxf6 gxf6
16.Nf4 Ne7 17.Re1 Rg8 18.Nh5 Rg6 19.Qf3 Bf5 20.Qxf5 Kf8 21.Qd3 Kg8 22.Rxe7 Qxb2
23.Rae1  1-0

[Event "II Open"]
[Site "Sort ESP"]
[Date "2006.06.26"]
[Round "1"]
[White "Aroshidze,L"]
[Black "Cesar,G"]
[Result "1-0"]
[WhiteElo "2498"]
[BlackElo "2114"]

1.e4 c5 2.Nf3 Nc6 3.Nc3 e6 4.d4 cxd4 5.Nxd4 a6 6.Be2 Nf6 7.O-O Be7 8.Nxc6 bxc6
9.e5 Nd5 10.Ne4 O-O 11.c4 Nc7 12.Be3 f5 13.exf6 Bxf6 14.Nxf6+ Rxf6 15.Bc5 Rf7
16.Bh5 g6 17.Bf3 d5 18.Re1 Bd7 19.Bd4 Qg5 20.Be5 Ne8 21.Bc3 Ng7 22.Qd4 h5
23.Re5 Qf4 24.Qxf4 Rxf4 25.cxd5 exd5 26.Rxd5 Bg4 27.Rd6 Bxf3 28.gxf3 Kh7
29.Rd7 Rg8 30.Re1 Rxf3 31.Ree7 Rxc3 32.bxc3 Kh6 33.h4  1-0

[Event "II Open"]
[Site "Sort ESP"]
[Date "2006.06.26"]
[Round "1"]
[White "Nadig,K"]
[Black "Kogan,Ar"]
[Result "1/2-1/2"]
[WhiteElo "2239"]
[BlackElo "2563"]

1.e4 c5 2.Nf3 Nc6 3.d4 cxd4 4.Nxd4 e6 5.Nc3 Qc7 6.Be2 a6 7.O-O Bc5 8.Nb3 Ba7
9.a4 Nge7 10.Kh1 O-O 11.f4 d5 12.e5 f6 13.exf6 Rxf6 14.Bf3 Nf5 15.g3 Bd7
16.Ne2 d4 17.c3 Ne3 18.Bxe3 dxe3 19.Nbd4 Raf8 20.Nb5 axb5 21.axb5 e5 22.bxc6 bxc6
23.Qa4 Bb8 24.Bg2 exf4 25.Nxf4 Qe5 26.Rae1 g5 27.Qc4+ Kh8 28.Nd3 Rxf1+ 29.Rxf1 Rxf1+
30.Bxf1 Qf6 31.Be2 h5 32.Qc5 Bf5 33.Qxe3 Kg7 34.Kg2 h4 35.g4 Be6 36.h3 Kh6
37.Bf3 Bc4 38.Qe8 Bd6 39.Nf2 Qf4 40.Qh8+ Kg6 41.Be4+ Kf7 42.Qh7+ Kf6 43.Qf5+ Qxf5
44.Bxf5 Bf4 45.b4 Ke5 46.Be4 Bb5 47.c4 Ba4 48.Kf3 Kd4 49.Bd3 Bb3 50.b5 c5
51.b6 Bxc4 52.Bxc4 Kxc4 53.Ke4 Kb5 54.Nd3 Bg3 55.b7 Kc6 56.Kf5 c4 57.Nb4+ Kxb7
58.Kxg5 Kb6 59.Kf5 Kc5 60.Nc2 Kd5 61.g5 c3 62.g6 Be5 63.Ne3+ Kd4 64.Nc2+ Kd5
65.Ne3+ Kd4 66.Nc2+  1/2-1/2

[Event "FINEC Rector Cup"]
[Site "St Petersburg RUS"]
[Date "2006.06.27"]
[Round "2"]
[White "Zagrebelny,S"]
[Black "Matlakov,M"]
[Result "1/2-1/2"]
[WhiteElo "2485"]
[BlackElo "2410"]

1.e4 c5 2.Nf3 e6 3.d4 cxd4 4.Nxd4 Nc6 5.Nc3 d6 6.Be2 Nf6 7.O-O Be7 8.Be3 O-O
9.f4 e5 10.Nb3 exf4 11.Bxf4 Be6 12.Kh1 d5 13.exd5 Nxd5 14.Nxd5 Qxd5 15.Qxd5 Bxd5
16.Rfd1 Rad8 17.c3 Be4 18.Bc7 Rc8 19.Bd6 Rfe8 20.Bxe7 Rxe7 21.Bf1 Ne5 22.Rd4 f5
23.Kg1 g6 24.h3 Kg7 25.Rad1 g5 26.Rd6 Nf7 27.R6d4 Ne5 28.Rd6 Nf7  1/2-1/2

[Event "Aerosvit GM"]
[Site "Foros UKR"]
[Date "2006.06.28"]
[Round "11"]
[White "Ponomariov,R"]
[Black "Nisipeanu,LD"]
[Result "1/2-1/2"]
[WhiteElo "2738"]
[BlackElo "2695"]

1.e4 c5 2.Nf3 e6 3.d4 cxd4 4.Nxd4 Nc6 5.Nc3 Qc7 6.Be2 Nf6 7.O-O Be7 8.Be3 O-O
9.f4 d6 10.Kh1 Nxd4 11.Qxd4 b6 12.f5 Bb7 13.fxe6 fxe6 14.Qc4 Qxc4 15.Bxc4 d5
16.exd5 Nxd5 17.Nxd5 Bxd5 18.Bxd5 exd5 19.Rxf8+ Rxf8 20.Kg1 Bc5 21.Bxc5 bxc5
22.Rd1 d4 23.Re1 c4 24.Re4 Rb8 25.b3 cxb3 26.cxb3 Rc8 27.a4 Rc1+ 28.Kf2 Rc2+
29.Kf1 Rb2 30.Rxd4 Rxb3 31.Rd8+ Kf7 32.Rd7+ Kf6 33.Rxa7 Rb1+ 34.Kf2 Rb2+
35.Kf3 Rb3+ 36.Ke4 Rb2 37.Ra6+ Kg5 38.Ra5+ Kf6 39.Kf3 Rb3+ 40.Kg4 Rb4+ 41.Kh3 h5
42.Kg3 h4+ 43.Kh3 g5 44.Ra8 Kf5 45.a5 Rb3+ 46.g3 hxg3 47.hxg3 Ra3 48.a6 Ra2
49.g4+ Kg6 50.Kg3 Kg7 51.Kf3 Ra4 52.Ra7+ Kg6 53.Ra8 Kg7 54.Ra7+ Kg6  1/2-1/2

[Event "Zudov Memorial"]
[Site "Nizhnij Tagil RUS"]
[Date "2006.06.28"]
[Round "9"]
[White "Yurtaev,L"]
[Black "Lomako,P"]
[Result "0-1"]
[WhiteElo "2519"]
[BlackElo "2418"]

1.e4 c5 2.Nf3 e6 3.d4 cxd4 4.Nxd4 Nc6 5.Nc3 Qc7 6.Be3 a6 7.Qd2 Nf6 8.O-O-O Bb4
9.f3 Ne5 10.Nb3 b5 11.Qe1 Be7 12.f4 Ng6 13.e5 Ng4 14.Ne4 O-O 15.h4 Bb7 16.Nd6 Bxh4
17.Qe2 f5 18.exf6 Nxf6 19.Nxb7 Qxb7 20.Rh3 Nd5 21.g3 Nxe3 22.Qxe3 Be7 23.Bd3 Rf6
24.Nd2 d5 25.Nf3 h6 26.Rdh1 Qa7 27.Qe2 Bd6 28.Kb1 Raf8 29.a3 Qd7 30.Rh5 Bxf4
31.g4 Bd6 32.Bxg6 Rxg6 33.Nh4 Rgf6 34.g5 Rf2 35.Qd3 Qf7 36.Ng6 Rf1+ 37.Ka2 Rxh1
38.Rxh1 Qf3 39.Nxf8 Qxh1 40.Nxe6 Qe4 41.Qh3 Qxc2 42.Nxg7 Qc4+ 43.Ka1 Qc1+
44.Ka2 Qxg5 45.Ne6 Qf6 46.Qg4+ Kf7 47.Nd4 Be5 48.Qd7+ Kg6 49.Qe8+ Kg5 50.Qg8+ Kf4
51.Ne6+ Ke3 52.Qg1+ Qf2 53.Qc1+ Kf3 54.Qd1+ Kg3 55.Qb3+ Kh2 56.Qb4 h5 57.Nc5 Qd4
58.Nxa6 Qxb4 59.Nxb4 h4 60.Nxd5 h3 61.Ne3 Bf4  0-1

[Event "III Open"]
[Site "Sanxenxo ESP"]
[Date "2006.06.30"]
[Round "5"]
[White "De la Villa Garcia,J"]
[Black "Rodriguez Lopez,R"]
[Result "1-0"]
[WhiteElo "2461"]
[BlackElo "2267"]

1.e4 c5 2.Nf3 Nc6 3.Nc3 e6 4.d4 cxd4 5.Nxd4 Qc7 6.Be3 Nf6 7.f4 d6 8.Be2 a6
9.Qd2 Be7 10.O-O-O O-O 11.g4 Re8 12.g5 Nd7 13.Kb1 Bf8 14.h4 Nxd4 15.Bxd4 b5
16.a3 Bb7 17.h5 Nb6 18.g6 Nc4 19.Bxc4 Qxc4 20.h6 hxg6 21.hxg7 Bxg7 22.Bxg7 Kxg7
23.f5 exf5 24.Qh6+ Kf6 25.Rxd6+ Re6 26.Rd7 Bxe4 27.Qh4+ g5 28.Qh7 Bxh1 29.Qxf7+ Ke5
30.Qg7+ Kf4 31.Rd4+ Be4 32.Rxc4 bxc4 33.Qd4 Kg4 34.Nd5 Rae8 35.Nc7 f4 36.Nxe8 f3
37.Nf6+ Rxf6 38.Qxf6 Bf5 39.Qd4+ Kg3 40.Kc1 f2 41.Qe3+  1-0

[Event "ch-SWE withdrawal"]
[Site "Gothenburg SWE"]
[Date "2006.07.01"]
[Round "1"]
[White "Sagit,R"]
[Black "Hermansson,E"]
[Result "0-1"]
[WhiteElo "2265"]
[BlackElo "2461"]

1.e4 c5 2.Nf3 Nc6 3.Nc3 e6 4.d4 cxd4 5.Nxd4 Nf6 6.Ndb5 d6 7.Bf4 e5 8.Bg5 a6
9.Na3 b5 10.Nd5 Be7 11.Bxf6 Bxf6 12.c3 O-O 13.Nc2 Rb8 14.Nce3 b4 15.Nc4 bxc3
16.bxc3 Bg5 17.h4 Bh6 18.Nde3 Be6 19.Qa4 Bxe3 20.Nxe3 Qb6 21.Qa3 Na7 22.Rd1 Nb5
23.Bxb5 Qxb5 24.Qxd6 Bxa2 25.Qd3 Qxd3 26.Rxd3 Bb1 27.Rd6 Bxe4 28.O-O Rfd8
29.Rfd1 Rxd6 30.Rxd6 Ra8 31.Nc4 f6 32.f3 Bf5 33.Na5 Kf7 34.c4 Ke7 35.Rb6 Kd8
36.c5 Bc8 37.Rd6+ Kc7 38.Rc6+ Kd7 39.Rd6+ Kc7 40.Rc6+ Kd8 41.Rd6+ Ke8 42.Nc4 a5
43.Nb6 Rb8 44.Kh2 h5 45.Rc6 Kd8 46.Rd6+ Ke8 47.Rc6 Kd8 48.Rd6+ Kc7 49.Nd5+ Kb7
50.c6+ Ka7 51.Ne7 Kb6 52.Rd8 Kc7 53.Rg8 Be6 54.Rxg7 a4 55.Nd5+ Kxc6 56.Nc3 a3
57.Ra7 Rb3 58.Ne4 Kb6 59.Ra4 Bd5 60.Nxf6 Bc6 61.Rxa3 Rxa3 62.Nxh5 Kc7  0-1

[Event "XIII Luigi Serra"]
[Site "Montecatini Terme ITA"]
[Date "2006.07.01"]
[Round "1"]
[White "Mrdja,M"]
[Black "Piscopo,P"]
[Result "1-0"]
[WhiteElo "2414"]
[BlackElo "2393"]

1.e4 c5 2.Nf3 e6 3.d4 cxd4 4.Nxd4 Nc6 5.Nc3 Qc7 6.f4 a6 7.Be3 Nxd4 8.Qxd4 b5
9.Be2 Bb7 10.Bf3 Rc8 11.O-O h5 12.Rf2 Nf6 13.e5 Ng4 14.Bxg4 hxg4 15.Rd1 Qc6
16.Ne4 Qd5 17.Ng3 g6 18.b3 Qc6 19.Qa1 Be7 20.Rd4 Qc3 21.Qc1 Bh4 22.Rd3 Qc6
23.Qa3 Be7 24.Qb2 Kf8 25.Nf1 Kg7 26.c3 Qc7 27.Rfd2 Bc6 28.Bd4 Be4 29.Re3 Qb7
30.Re1 Rh4 31.Red1 Bc6 32.b4 Rch8 33.Bf2 R4h5 34.Bg3 Bd8 35.Ne3 Bb6 36.Rd4 Bf3
37.gxf3 Qxf3 38.Qf2 Bxd4 39.Qxf3 gxf3 40.Rxd4 Rc8 41.Rd3 Rc7 42.Kf2 Rh8 43.Kxf3 Rhc8
44.Be1 a5 45.a3 axb4 46.axb4 Ra7 47.Ng4 Rcc7 48.Nf6  1-0

[Event "56th ch-RUS w Top League"]
[Site "Orel RUS"]
[Date "2006.07.01"]
[Round "3"]
[White "Meshcheriakova,E"]
[Black "Vasilevich,I"]
[Result "1-0"]
[WhiteElo "2203"]
[BlackElo "2345"]

1.e4 c5 2.Nf3 e6 3.Nc3 Nc6 4.d4 cxd4 5.Nxd4 a6 6.Be3 Nf6 7.a3 Qc7 8.Nb3 b5
9.f4 b4 10.axb4 Bxb4 11.Bd3 d5 12.e5 d4 13.exf6 dxc3 14.O-O cxb2 15.fxg7 Rg8
16.Ra4 Rxg7 17.c3 Bf8 18.Rc4 Bb7 19.Be4 Rd8 20.Nd4 Nxd4 21.Rxc7 Bxe4 22.Qa4+ Nb5
23.Qxe4 Nxc7 24.Qc6+ Rd7 25.Rb1 Ba3 26.Bd4 Rg6 27.Qa4 e5 28.Qxa3 exd4 29.cxd4 Nb5
30.Qxb2 Rxd4 31.f5 Rgd6 32.Re1+ Kf8 33.Qe2 Kg7 34.Qe5+ f6 35.Qe7+ Kg8 36.Qe8+ Kg7
37.Qe7+ Kg8 38.Qe8+ Kg7 39.Re7+ Kh6 40.Qg8 Rd1+ 41.Kf2 R1d2+ 42.Kg3 R6d3+
43.Kh4 Rd4+ 44.Kh3  1-0

[Event "ch-SWE"]
[Site "Gothenburg SWE"]
[Date "2006.07.02"]
[Round "2"]
[White "Hector,J"]
[Black "Cramling,P"]
[Result "0-1"]
[WhiteElo "2508"]
[BlackElo "2521"]

1.e4 c5 2.Nf3 e6 3.d4 cxd4 4.Nxd4 Nc6 5.Nc3 Qc7 6.Be3 a6 7.Bd3 b5 8.Nxc6 Qxc6
9.O-O Bb7 10.Kh1 Nf6 11.f3 Qc7 12.Qd2 Be7 13.a4 b4 14.Ne2 O-O 15.Bf4 Qa5
16.Nd4 Rfc8 17.Rfd1 Qd8 18.Qe1 d5 19.e5 Nd7 20.a5 Qc7 21.Qg3 Nc5 22.Bf1 Bc6
23.Bh6 g6 24.h4 Be8 25.h5 f5 26.c4 bxc3 27.b4 Nd7 28.Re1 Nf6 29.hxg6 hxg6
30.Nxe6 Nh5 31.Qf2 Qd7 32.Ng5 Bxb4 33.g4 Ng7 34.e6 Qa7 35.Qc2 Be7 36.Bd3 Rab8
37.Ra2 Qd4 38.Raa1 Rb2  0-1

[Event "XIII Luigi Serra"]
[Site "Montecatini Terme ITA"]
[Date "2006.07.02"]
[Round "2"]
[White "Apicella,M"]
[Black "Ronchetti,N"]
[Result "1-0"]
[WhiteElo "2520"]
[BlackElo "2421"]

1.e4 c5 2.Nf3 Nc6 3.d4 cxd4 4.Nxd4 e6 5.Nc3 Nf6 6.Nxc6 bxc6 7.e5 Nd5 8.Ne4 Qc7
9.f4 Qa5+ 10.c3 Be7 11.Be2 Qb6 12.Qd3 Bb7 13.a3 f5 14.Nf2 Bc5 15.Nd1 a5 16.c4 Ba6
17.Qg3 Ne7 18.Be3 g5 19.Bxc5 Qxc5 20.Qxg5 Rg8 21.Qh5+ Kd8 22.Qh3 Rb8 23.Rc1 Kc7
24.Qf3 a4 25.Rc3 Nc8 26.Qf2 Qa5 27.O-O c5 28.Qe3 Bb7 29.Bf3 h5 30.Rc2 Bxf3
31.Qxf3 h4 32.Nc3 Rb3 33.Rd1 Qa6 34.Qf2 Kc6 35.Nb5 h3 36.g3 Qa8 37.Rcd2 d5
38.Nc3  1-0

[Event "56th ch-RUS w Top League"]
[Site "Orel RUS"]
[Date "2006.07.02"]
[Round "4"]
[White "Ovod,E"]
[Black "Kursova,M"]
[Result "1-0"]
[WhiteElo "2395"]
[BlackElo "2333"]

1.e4 c5 2.Nf3 e6 3.d4 cxd4 4.Nxd4 Nc6 5.Nc3 Qc7 6.Be3 a6 7.Bd3 Nf6 8.O-O Ne5
9.Nf3 Bc5 10.Bxc5 Qxc5 11.Nxe5 Qxe5 12.f4 Qc5+ 13.Kh1 d6 14.Qf3 O-O 15.Rae1 e5
16.Nd5 Nxd5 17.exd5 exf4 18.Qxf4 Bd7 19.Re7 Be8 20.Rf3 Qxd5 21.Rh3 h5 22.Rg3 Bc6
23.Rg5 Qxa2 24.Rxg7+  1-0

[Event "35th TCh-GRE"]
[Site "Ermioni GRE"]
[Date "2006.07.03"]
[Round "1"]
[White "Souleidis,G"]
[Black "Komninos,N"]
[Result "1-0"]
[WhiteElo "2412"]
[BlackElo "2149"]

1.e4 c5 2.Nf3 e6 3.d4 cxd4 4.Nxd4 Nc6 5.Nc3 Qc7 6.g3 a6 7.Bg2 Be7 8.O-O d6
9.Re1 Bd7 10.Nxc6 Bxc6 11.Qg4 h5 12.Qe2 O-O-O 13.a4 Bf6 14.Ra3 h4 15.b4 hxg3
16.hxg3 Kb8 17.b5 Bxb5 18.Nxb5 axb5 19.axb5 Bd4 20.Ra4 Qb6 21.Bd2 Rc8 22.Ba5 Qc5
23.c3 Be5 24.Bb4  1-0

[Event "ch-SWE"]
[Site "Gothenburg SWE"]
[Date "2006.07.03"]
[Round "3"]
[White "Berg,E"]
[Black "Brynell,S"]
[Result "1-0"]
[WhiteElo "2589"]
[BlackElo "2497"]

1.e4 c5 2.Nf3 e6 3.d4 cxd4 4.Nxd4 Nc6 5.Nc3 Qc7 6.Be2 a6 7.O-O Nf6 8.Kh1 Nxd4
9.Qxd4 Bc5 10.Qd3 b5 11.Bg5 Bb7 12.f4 b4 13.e5 Nd5 14.Nxd5 Bxd5 15.Bf3 Bxf3
16.Rxf3 d6 17.Raf1 h6 18.Bh4 O-O 19.Rg3 Rfc8 20.Bf6 g6 21.f5 exf5 22.Qxf5 Kf8
23.Rxg6  1-0

[Event "ch-CHN w"]
[Site "Wuxi CHN"]
[Date "2006.07.03"]
[Round "8"]
[White "Gu Xiaobing"]
[Black "Wang Pin"]
[Result "0-1"]
[WhiteElo "2371"]
[BlackElo "2393"]

1.e4 c5 2.Nf3 e6 3.d4 cxd4 4.Nxd4 Nc6 5.Nc3 Qc7 6.g3 a6 7.Bg2 Nf6 8.O-O Bc5
9.Nb3 Ba7 10.a4 Ne5 11.Qe2 d6 12.Kh1 h5 13.h4 Bd7 14.Be3 Bxe3 15.Qxe3 Nc4
16.Qc1 Rc8 17.Qg5 Nxb2 18.Nd5 exd5 19.Qxg7 Ke7 20.exd5 Nc4 21.Rae1+ Ne5 22.f4 Rcg8
23.fxe5 Rxg7 24.exf6+ Kf8 25.fxg7+ Kxg7 26.Re7 Rf8 27.Bh3 Qxc2 28.Na1 Bxh3
29.Nxc2 Bxf1 30.Rxb7 Rc8 31.Ne3 Bd3 32.Kg2 Rc1 33.Rb6 Ra1 34.Rxd6 Rxa4 35.Rd8 Kf6
36.Re8 Re4 37.Rxe4 Bxe4+ 38.Kf2 Ke5 39.g4 hxg4 40.h5 f5 41.h6 g3+ 42.Ke2 f4
43.Ng4+ Kd6 44.Nf6 Bb1 45.h7 Bxh7 46.Nxh7 Kxd5 47.Nf6+ Kd4 48.Nd7 a5 49.Nb6 Ke4
50.Na4 f3+ 51.Kf1 Ke3 52.Nc3 Kd3 53.Na4 Kd2 54.Nc5 Ke3 55.Na4 f2 56.Kg2 Ke2  0-1

[Event "35th TCh-GRE"]
[Site "Ermioni GRE"]
[Date "2006.07.04"]
[Round "2"]
[White "Kulaots,K"]
[Black "Macieja,B"]
[Result "1/2-1/2"]
[WhiteElo "2550"]
[BlackElo "2613"]

1.e4 c5 2.Nf3 e6 3.d4 cxd4 4.Nxd4 Nc6 5.Nc3 a6 6.Be2 d6 7.O-O Nf6 8.Be3 Bd7
9.a4 Be7 10.f4 Nxd4 11.Bxd4 Bc6 12.Qd3 O-O 13.Qg3 g6 14.Bd3 Nd7 15.f5 Ne5
16.Kh1 Bf6 17.Rad1 Qe7 18.Be2 Kh8 19.Qf4 Rad8 20.Rf2 Nd7 21.Bxf6+ Nxf6 22.e5 dxe5
23.Qxe5 Rxd1+ 24.Bxd1 Kg8 25.fxe6 fxe6 26.Be2 Nd7 27.Rxf8+ Nxf8 28.Bf3 Bxf3
29.gxf3 Qb4 30.b3 Qa3 31.Ne2 Qb4 32.Nc3 Qa3 33.Ne2 Qb4 34.Nc3  1/2-1/2

[Event "56th ch-RUS w Top League"]
[Site "Orel RUS"]
[Date "2006.07.04"]
[Round "6"]
[White "Shadrina,T"]
[Black "Kursova,M"]
[Result "0-1"]
[WhiteElo "2371"]
[BlackElo "2333"]

1.e4 c5 2.Nf3 e6 3.d4 cxd4 4.Nxd4 Nc6 5.Nc3 a6 6.Be2 d6 7.O-O Bd7 8.a4 Nf6
9.Nb3 Na5 10.Bg5 Nxb3 11.cxb3 h6 12.Bh4 Qb6 13.Bc4 Be7 14.Kh1 Bc6 15.Qe2 O-O
16.f4 Rae8 17.Bf2 Qa5 18.Bd3 e5 19.fxe5 Qxe5 20.Bg3 Qh5 21.Qc2 Ng4 22.Qe2 Nf6
23.Qd2 Nd7 24.Rf5 Qg4 25.Be2 Qg6 26.Raf1 Bg5 27.Qxd6 Re6 28.Qc7 Bd8 29.Qf4 Bg5
30.Qf2 Nf6 31.Bc4 Rd8 32.Bd5 Nxe4 33.Bxe4 Rxe4 34.Rxf7 Rd2 35.Qf5 Qxf5 36.R7xf5 Re7
37.R5f2 Red7 38.h3 Be3 39.Rf8+ Kh7 40.Bf2 R7d3 41.Bxe3 Rxg2 42.Nd1 Rxb2+
43.Kg1 Rg2+ 44.Kh1 Rf2+ 45.Kg1 Rxf8 46.Rxf8 Rxd1+ 47.Kf2 Rd3 48.Rf7 Kg6 49.Rf4 Rxb3
50.Rg4+ Kf7 51.h4 Rb2+ 52.Kg1 Ra2 53.h5 Rxa4 54.Bd4 Ra5 55.Rxg7+ Kf8 56.Rh7 Rxh5
57.Kf2 Rh3 58.Ke2 h5 59.Be3 a5 60.Kd3 Kg8 61.Rc7 a4 62.Rc8+ Kf7 63.Ra8 h4
64.Kd4 Rh1 65.Ke5 h3 66.Rh8 h2  0-1

[Event "34th World Open"]
[Site "Philadelphia USA"]
[Date "2006.07.04"]
[Round "8"]
[White "Kamsky,G"]
[Black "Benjamin,Joe"]
[Result "1/2-1/2"]
[WhiteElo "2671"]
[BlackElo "2565"]

1.e4 c5 2.Nf3 e6 3.d4 cxd4 4.Nxd4 Nc6 5.Nc3 Qc7 6.Be2 a6 7.O-O b5 8.Re1 Bb7
9.Nxc6 dxc6 10.e5 Rd8 11.Bd3 c5 12.Bg5 Ne7 13.Qh5 c4 14.Be4 b4 15.Bxb7 bxc3
16.Qf3 Rb8 17.Be4 cxb2 18.Rab1 h6 19.Bd2 g6 20.Qa3 Bg7 21.Ba5 Qd7 22.Re2 O-O
23.Rd2 Nd5 24.Rxb2 Bxe5 25.Rxb8 Rxb8 26.g3 Rb5 27.Rd1 Qb7 28.Bd2 Bg7 29.Qa4 Rb1
30.Rxb1 Qxb1+ 31.Kg2 Qb5 32.Qa3 h5 33.Qd6 Qa4 34.Qd8+ Kh7 35.Qa5 Qc6 36.Bf3 Qb5
37.Be2 Bf6 38.Qa3 Bg7 39.Qf3 Qc6 40.Kg1 c3 41.Bg5 f6 42.Bd3 fxg5 43.Qxh5+ Kg8
44.Qxg6 Nf6 45.Qxg5  1/2-1/2

[Event "Open"]
[Site "Albarino ESP"]
[Date "2006.07.05"]
[Round "3"]
[White "Starostits,I"]
[Black "Iotov,V"]
[Result "1/2-1/2"]
[WhiteElo "2445"]
[BlackElo "2493"]

1.e4 c5 2.Nf3 e6 3.d4 cxd4 4.Nxd4 Nc6 5.Nc3 Qc7 6.Be3 a6 7.Bd3 Nf6 8.O-O Ne5
9.h3 Bc5 10.Kh1 d6 11.f4 Ng6 12.f5 Ne5 13.Qe1 O-O 14.Qh4 Bd7 15.Rf3 exf5
16.Raf1 d5 17.exd5 Rae8 18.Nxf5 Bxf5 19.Rxf5 Bxe3 20.Qg3 Bb6 21.d6 Qxd6 22.Rxf6 Qd8
23.Rxb6 Qxb6 24.Ne4 Qh6 25.Nf6+ Kh8 26.Nxe8 Rxe8 27.Be4 b5 28.Bd5 Qd6 29.Rd1 g6
30.c3 Kg7 31.Qf4 h5 32.a4 Re7  1/2-1/2

[Event "FSGM July"]
[Site "Budapest HUN"]
[Date "2006.07.05"]
[Round "5"]
[White "Horvath,And"]
[Black "Kristjansson,St"]
[Result "0-1"]
[WhiteElo "2322"]
[BlackElo "2491"]

1.e4 c5 2.Nf3 e6 3.d4 cxd4 4.Nxd4 Nc6 5.Nc3 Qc7 6.Be2 a6 7.O-O Nf6 8.Kh1 Bb4
9.Nxc6 bxc6 10.Qd4 c5 11.Qd3 Bb7 12.Bf3 Qe5 13.Bd2 h5 14.Rad1 g5 15.g3 h4
16.Kg1 c4 17.Qe3 hxg3 18.hxg3 g4 19.Bg2 Bc5 20.Qf4 Bd4 21.Qxe5 Bxe5 22.Rfe1 d6
23.Be3 Ke7 24.Bd4 Nd7 25.Bf1 Bxd4 26.Rxd4 Ne5 27.Bg2 Rh6 28.Re3 Rah8 29.Kf1 f5
30.Rd1 Rh2 31.Rd4 R8h6 32.Ne2 Bxe4 33.Bxe4 fxe4 34.Rdxe4 Nf3 35.Rxf3 gxf3
36.Ng1 Rh1 37.Rf4 Rf6 38.Rxc4 Rf5 39.Rc3  0-1

[Event "35th TCh-GRE"]
[Site "Ermioni GRE"]
[Date "2006.07.05"]
[Round "3"]
[White "Darmarakis,M"]
[Black "Tassopoulos,M"]
[Result "1/2-1/2"]
[WhiteElo "2174"]
[BlackElo "2270"]

1.e4 c5 2.Nf3 e6 3.d4 cxd4 4.Nxd4 Nc6 5.Nc3 Qc7 6.Be3 a6 7.Qd2 Nf6 8.O-O-O Bb4
9.f3 Ne5 10.Nb3 b5 11.Qe1 Be7 12.f4 Ng6 13.e5 Ng4 14.Ne4 Nxe3 15.Qxe3 O-O
16.Bd3 Bb7 17.Rhf1 f6 18.exf6 Bxf6 19.g3 Ne7 20.Nxf6+ Rxf6 21.Nc5 Bd5 22.Ne4 Rff8
23.Kb1 Rac8 24.Nd2 Nf5 25.Qf2 Nd6 26.g4 Nc4 27.Qh4 g6 28.f5 Nxd2+ 29.Rxd2 Qa5
30.Rdf2 Qxa2+ 31.Kc1 exf5 32.gxf5 Qa1+ 33.Kd2 Qxb2 34.fxg6 Qc3+ 35.Kd1 Qa1+
36.Kd2 Qc3+ 37.Kd1 hxg6  1/2-1/2

[Event "Open"]
[Site "Kavala GRE"]
[Date "2006.07.05"]
[Round "3"]
[White "Sandalakis,A"]
[Black "Aroshidze,L"]
[Result "1/2-1/2"]
[WhiteElo "2220"]
[BlackElo "2490"]

1.e4 c5 2.Nf3 e6 3.d4 cxd4 4.Nxd4 Nc6 5.Nc3 Qc7 6.Be3 Nf6 7.Ndb5 Qb8 8.f4 d6
9.a4 Be7 10.Bd3 O-O 11.O-O Nb4 12.Kh1 Bd7 13.Nd4 Re8 14.Qe1 Bf8 15.Nf3 Bc6
16.Qg3 g6 17.Nd4 Bg7 18.Rae1 Bd7 19.Re2 a6 20.f5 e5 21.fxg6 fxg6 22.Bc4+ d5
23.Nxd5 Nfxd5 24.Nf3 Be6 25.exd5 Bxd5 26.Qh4 e4 27.Ng5 h5 28.Bf4 Qd8 29.Bxd5+ Nxd5
30.Rd1 Rf8 31.Red2 Qf6 32.Rxd5 Qxf4 33.Qxf4 Rxf4 34.Ne6  1/2-1/2

[Event "XIII Luigi Serra"]
[Site "Montecatini Terme ITA"]
[Date "2006.07.05"]
[Round "5"]
[White "Brunello,S"]
[Black "Piscopo,P"]
[Result "1/2-1/2"]
[WhiteElo "2391"]
[BlackElo "2393"]

1.e4 c5 2.Nf3 Nc6 3.Nc3 e6 4.d4 cxd4 5.Nxd4 Qc7 6.Be3 a6 7.Qd2 Nf6 8.O-O-O Bb4
9.f3 Ne7 10.a3 Bxc3 11.Qxc3 Qxc3 12.bxc3 d5 13.e5 Nd7 14.f4 b6 15.Bd3  1/2-1/2

[Event "56th ch-RUS w Top League"]
[Site "Orel RUS"]
[Date "2006.07.05"]
[Round "7"]
[White "Airapetian,Ta"]
[Black "Vasilevich,I"]
[Result "1/2-1/2"]
[WhiteElo "2155"]
[BlackElo "2345"]

1.e4 c5 2.Nf3 e6 3.d4 cxd4 4.Nxd4 Nc6 5.Nc3 a6 6.Be3 Nf6 7.Qd2 Bb4 8.f3 d5
9.O-O-O Qa5 10.Nxc6 bxc6 11.Bd4 dxe4 12.Qe3 Rb8 13.Bc4 e5 14.Nxe4 O-O 15.Nxf6+ gxf6
16.Bc3 Be6 17.Bb3 Bxb3 18.axb3 Qa1+ 19.Kd2 Qxb2 20.Bxb4 Rxb4 21.Rc1 Rd8+
22.Ke2 Rbd4 23.Rhe1 R8d5 24.Kf1 Rd2 25.Qe4 Qc3 26.Qg4+ Kf8 27.Qc8+ Rd8 28.Qxa6 Qc5
29.Re2 Rd1+ 30.Rxd1 Rxd1+ 31.Re1 Rxe1+ 32.Kxe1 Qxc2 33.Kf1 Kg7 34.Qc8 Qd1+
35.Kf2 Qd2+ 36.Kf1 Qd1+ 37.Kf2 Qd4+ 38.Kf1 c5 39.Qf5 Qd1+ 40.Kf2 Qd2+ 41.Kf1 Qc1+
42.Kf2 Qg5 43.Qc2 Qh4+ 44.Kf1 Qb4 45.Qf5 Qb5+ 46.Kf2 Qc6 47.Qg4+ Kf8 48.Qc4 Qd6
49.Qb5 f5 50.Qb7 Kg7 51.Qc8 f4 52.Qf5 h6 53.Kf1 Kf8 54.Kf2 Ke7 55.Qc8 Qb6
56.Kf1 Qd6 57.Kf2 Qd2+ 58.Kf1 Qd1+ 59.Kf2 Qc2+ 60.Kf1 Kd6 61.Qb7 Qc1+ 62.Kf2 Qe3+
63.Kf1 Qc1+ 64.Kf2 Qb2+ 65.Kf1 Qa1+ 66.Kf2 f5 67.Qb6+ Kd5 68.Qd8+ Kc6 69.Qc8+  1/2-1/2